000
00275nam a22001217a 4500
020
_a
81-223-0951-8
082
_a
030
_b
HIN/F
245
_a
FAIRS AND FESTIVALS OF INDIA
260
_a
DELHI
_b
HINDOOLOGY BOOKS
300
_a
146
650
_a
GENERAL KNOWLEDGE
_z
INDIA
942
_c
BK
999
_c
3085
_d
3085